000 00310nam a22001337a 4500
008 181016b xxu||||| |||| 00| 0 eng d
020 _a9780761909897
041 _aeng
080 _a316
100 _a50
101 _aSOC
245 _aCareer Strategies for Women in Academe
_cCollins,L.H
942 _2udc
_cBK
999 _c49866
_d49866